عرض عادي عرض مارك
  • Heart Diseases

مدخل مصطلح موضوعي

عدد التسجيلات المستخدمة في: 2

001 - رقم الضبط

  • حقل الضبط: 11640

003 - معرف رقم الضبط

  • حقل الضبط: OSt

005 - تاريخ ووقت أخر عملية

  • حقل الضبط: 20120419234544.0

008 - عناصر بيانات ثابتة الطول

  • حقل تحكم ثابت الطول: 120419|||a|||||| | ||| d

040 ## - مصدر الفهرسة

  • هيئة الفهرسة الأصلية: OSt
  • وكالة الكتابة: OSt

150 ## - مدخل-- مصطلح تاريخي

  • عنصر مدخل المصطلح الموضوعي او الاسم الجغرافي: Heart Diseases
  • تفريع عام: ultrasonography
  • تفريع شكلي: Atlases.

670 ## - بيانات المصدر موجوده

  • الاستشهاد بالمصدر: Work cat.: (OSt)23961: Boehmeke, Thomas. 11637, Pocket atlas of echocardiography, c2006.